مذكرات دولة : السياسة و التاريخ و الهوية الجماعية في العراق الحديث / (رقم التسجيلة. 1382)

تفاصيل مارك
000 -LEADER
fixed length control field 00648nam a22001817a 4500
005 - DATE AND TIME OF LATEST TRANSACTION
control field 20251108164018.0
008 - FIXED-LENGTH DATA ELEMENTS--GENERAL INFORMATION
fixed length control field 250721s2008 xx 000 0 ara d
082 14 - DEWEY DECIMAL CLASSIFICATION NUMBER
Classification number 956.3/داف
100 1# - MAIN ENTRY--PERSONAL NAME
Personal name دافيس، إريك
Relator term مؤلف
245 10 - TITLE STATEMENT
Title مذكرات دولة : السياسة و التاريخ و الهوية الجماعية في العراق الحديث /
264 1# - PRODUCTION, PUBLICATION, DISTRIBUTION, MANUFACTURE, AND COPYRIGHT NOTICE
Place of production, publication, distribution, manufacture بيروت :
Name of producer, publisher, distributor, manufacturer المؤسسة العربية للدراسات و النشر،
Date of production, publication, distribution, manufacture, or copyright notice 2008.
300 ## - PHYSICAL DESCRIPTION
Extent 455ص.
650 17 - SUBJECT ADDED ENTRY--TOPICAL TERM
Topical term or geographic name as entry element تاريخ العراق
650 17 - SUBJECT ADDED ENTRY--TOPICAL TERM
Topical term or geographic name as entry element العراق
700 1# - ADDED ENTRY--PERSONAL NAME
Personal name عبد الهادي، حاتم
Relator term مترجم
942 ## - ADDED ENTRY ELEMENTS (KOHA)
Source of classification or shelving scheme Dewey Decimal Classification
Koha item type كتب
المقتنيات
حالة السحب حالة الفقدان مصدر التصنيف حالة التلف غير قابل للإعارة المكتبة الرئيسية المكتبة الحالية موقع الرف تاريخ التزويد الرقم المتسلسل Total Checkouts رقم الإستدعاء تاريخ آخر ظهور تاريخ الفاتورة نوع المادة (كوها) الباركود
    Dewey Decimal Classification     المكتبة المركزية المكتبة المركزية مقتنيات قسم التزويد 28/07/2025 1265084   956.3/داف 28/07/2025 28/07/2025 كتب  
    Dewey Decimal Classification     المكتبة المركزية المكتبة المركزية مقتنيات قسم التزويد 28/07/2025 1265086   956.3/داف 28/07/2025 28/07/2025 كتب  
    Dewey Decimal Classification     مكتبة أبو علندا العامة مكتبة أبو علندا العامة الإعارة 03/03/2009 1265087   956.3/داف 28/07/2025 03/03/2009 كتب PLD00075598
    Dewey Decimal Classification     مكتبة الأميرة ايمان العامة مكتبة الأميرة ايمان العامة الإعارة 03/03/2009 1265088   956.3/داف 28/07/2025 03/03/2009 كتب PLD00075599
    Dewey Decimal Classification     مكتبة ومركز فرح مكتبة ومركز فرح الإعارة 19/05/2009 1278401   956.3/داف 28/07/2025 19/05/2009 كتب PLD00093658
Implemented & Customized by: BBB with SCIT (Smart Chains for Information Technology)

Powered by Koha